The architecture of Michelangelo / (Record no. 353164)

000 -LEADER
fixed length control field 01164 a2200301 4500
003 - CONTROL NUMBER IDENTIFIER
control field OSt
005 - DATE AND TIME OF LATEST TRANSACTION
control field 20260203103854.0
008 - FIXED-LENGTH DATA ELEMENTS--GENERAL INFORMATION
fixed length control field 120606t xxu||||| |||| 00| 0 eng d
010 ## - LIBRARY OF CONGRESS CONTROL NUMBER
LC control number 85008671
020 ## - INTERNATIONAL STANDARD BOOK NUMBER
International Standard Book Number 0226002403 (pbk.)
020 ## - INTERNATIONAL STANDARD BOOK NUMBER
International Standard Book Number 9780226002408
040 ## - CATALOGING SOURCE
Transcribing agency 0
082 00 - DEWEY DECIMAL CLASSIFICATION NUMBER
Classification number 720.924
100 1# - MAIN ENTRY--PERSONAL NAME
Personal name Ackerman, James S.
9 (RLIN) 34154
245 14 - TITLE STATEMENT
Title The architecture of Michelangelo /
Statement of responsibility, etc. James S. Ackerman ; with a catalogue of Michelangelo's works by James S. Ackerman and John Newman.
250 ## - EDITION STATEMENT
Edition statement 2nd ed.
260 ## - PUBLICATION, DISTRIBUTION, ETC.
Place of publication, distribution, etc. Chicago :
Name of publisher, distributor, etc. University of Chicago Press,
Date of publication, distribution, etc. 1986.
300 ## - PHYSICAL DESCRIPTION
Extent 363 p. :
Other physical details ill. ;
Dimensions 20 cm.
500 ## - GENERAL NOTE
General note Includes index.
600 00 - SUBJECT ADDED ENTRY--PERSONAL NAME
Personal name Michelangelo Buonarroti,
Dates associated with a name 1475-1564.
9 (RLIN) 3974
650 10 - SUBJECT ADDED ENTRY--TOPICAL TERM
Topical term or geographic name entry element Architecture
Geographic subdivision Italy.
9 (RLIN) 31824
650 10 - SUBJECT ADDED ENTRY--TOPICAL TERM
Topical term or geographic name entry element Architecture, Renaissance.
9 (RLIN) 32073
700 1# - ADDED ENTRY--PERSONAL NAME
Personal name Newman, John,
Dates associated with a name 1936-
9 (RLIN) 34155
856 42 - ELECTRONIC LOCATION AND ACCESS
Materials specified Publisher description
Uniform Resource Identifier <a href="http://www.loc.gov/catdir/enhancements/fy0608/85008671-d.html">http://www.loc.gov/catdir/enhancements/fy0608/85008671-d.html</a>
856 42 - ELECTRONIC LOCATION AND ACCESS
Materials specified Table of contents only
Uniform Resource Identifier <a href="http://www.loc.gov/catdir/enhancements/fy0608/85008671-t.html">http://www.loc.gov/catdir/enhancements/fy0608/85008671-t.html</a>
942 ## - ADDED ENTRY ELEMENTS (KOHA)
Institution code [OBSOLETE] SADA
Koha item type Book
Call number prefix 720.924 ACK 1986
Source of classification or shelving scheme
Holdings
Withdrawn status Lost status Source of classification or shelving scheme Damaged status Not for loan Permanent Location Current Location Date acquired Total Checkouts Full call number Barcode Date last seen Date last checked out Cost, replacement price Price effective from Koha item type
          School of Art Design and Architecture (SADA) School of Art Design and Architecture (SADA) 06/02/2011 1 720.924 ACK 1986 SADA0001139 02/15/2012 02/14/2012 2133.00 08/05/2011 Book
© 2023 Central Library, National University of Sciences and Technology. All Rights Reserved.